Chansons de NewJeans - Mort subite - Statistiques

Statistiques générales
  • Ce quiz a été pris 279 fois
  • Le résultat moyen est 13 sur 16
Answers on the Grid
Answers color-coded by a green-red scale on the quiz's grid according to % correct below.
Ditto
Attention
Cupid
Zimzalabim
Cookie
ETA
Hurt
Décalcomanie
OMG
SET ME FREE
Zero
Hype Boy
ASAP
Igloo
Super Shy
Kill This Love
Cosmic
Cool With You
Dumb Dumb
How Sweet
JUMP
New Jeans
LEFT RIGHT
HWAA
Get Up
GODS
Tell Me
Supernatural
Not Shy
FANCY
 
Statistiques - réponses
Réponse % Correct
Ditto
95%
ETA
92%
Attention
90%
New Jeans
88%
Super Shy
88%
Hype Boy
87%
OMG
85%
Cookie
82%
How Sweet
75%
Supernatural
74%
Cool With You
71%
ASAP
70%
Hurt
70%
Get Up
67%
GODS
62%
Zero
62%
Aucun quiz correspondant
Distribution des résultats
% des personnes avec chaque résultat
Percentile par nombre de réponses
Votre historique - résultats
Vous n’avez pas pris ce quiz